00355nam a2200121Ia 4500008004100000041000800041082000800049100006100057245005300118260003500171300000800206520001900214221007s9999 xx 000 0 und d aeng bMEN aMenkar Pooja S - 2K111084 & Prof. Ranjana Gogate - Guide aCommodity Futures Trading With Reference to Gold c2013bPune UniversityaSangali a78p aGogate Ranjana